| 000 | 00760nam a2200265Ia 4500 | ||
|---|---|---|---|
| 003 | OSt | ||
| 005 | 20220918201530.0 | ||
| 006 | a|||||r|||| 00| 0 | ||
| 007 | ta | ||
| 008 | 220917b |||||||| |||| 00| 0 eng d | ||
| 024 | _a94,624 | ||
| 037 | _cTextual | ||
| 040 |
_aARTS _cARTS _beng |
||
| 041 |
_2eng _aeng |
||
| 082 | _aV2.L40<--07, L2 | ||
| 100 | _aSatish Chandra | ||
| 245 | 0 | _aParties and politics at the Mughal court 1707--1740 | |
| 250 | _a2nd | ||
| 260 |
_aNew Delhi _bPeople Publications House _c1972 |
||
| 300 |
_a1ii, 322p. _ccm. |
||
| 500 | _aAppendix p240--241 .p269--273 (A--C); Bibliography p274--281 | ||
| 650 | _aHISTORY | ||
| 942 |
_hV2.L40<--07, L2 _cTEXL _2CC |
||
| 999 |
_c218249 _d218249 |
||